Nuts by Picture - Statistics

General Stats
  • This quiz has been taken 170 times
  • The average score is 5 of 8
Answer Stats
Picture Answer % Correct
Almond
98%
Cashew
96%
Walnut
92%
Pecan
75%
Hazelnut
73%
Brazil Nut
56%
Pine Nut
45%
Soy Nut
2%
No matching quizzes found
Score Distribution
Percent of People with Each Score
Percentile by Number Answered
Your Score History
You have not taken this quiz